000 00673nam a2200241 a 4500
001 0001-1074
003 ELIB.Books
008 150108 2010 eng
020 _aKBTS
035 _a(ELIB.Books)0001-1229
092 _a232
_bKen
100 _aKennedy, James.
245 _aChrst's Passion:
_bThe Power and The Promise
260 _aFlorida
_bCoral Ridge Ministries
_c2004
300 _a197
_c21.5 Cm
500 _aC/o Moe Lwai
650 _aExploring the Perspective of Mission through the Life of Jesus Christ
856 _nKBTS; Elib.
_uKBTS; Library
942 _2ddc
_cBK
990 _a1
998 _cbat
_e2015-01-08
999 _c11074
_d11074